000
00244nam a22001097a 4500
003
OSt
008
231116b |||||||| |||| 00| 0 eng d
041
_a
mal
100
_a
Bhaskara Kuruppu, P.T
_9
5701
245
_a
Viswavinjana kosam /
942
_c
BK
999
_c
17993
_d
17993